A Guerra (Registro nro. 317112)
[ vista simple ]
| 000 -ENCABEZADO | |
|---|---|
| Número de control [NR] | 00771nam a2200217 c 4500 |
| 005 - FECHA Y HORA DE LA ÚLTIMA TRANSACCIÓN | |
| control field | 20200329153147.0 |
| 008 - DE LONGITUD FIJA DE DATOS DE ELEMENTOS - INFORMACIÓN GENERAL | |
| Elementos de longitud fija [NR] | 200304s2018 bl |||gr|||| 00| 0 spa d |
| 020 ## - NUMERO INTERNACIONAL NORMALIZADO PARA LIBROS [R] | |
| Número Internacional Normalizado del libro [NR] | 9788588808034 |
| 040 ## - FUENTE DE CATALOGACION [NR] | |
| Agencia de catalogación original [NR] | CO-BoUCM |
| Idioma de catalogación [NR] | spa |
| Quien Cataloga | Deissy Garcia |
| Quien Clasifica | Deissy Garcia |
| 041 0# - CODIGO DE IDIOMA [R] | |
| Código de idioma para texto/pista de sonido o título separado [R] | Portugués |
| 100 1# - ASIENTO PRINCIPAL--NOMBRE PERSONAL [NR] | |
| Nombre personal [NR] | Paes Manso, Bruno |
| ID Autoridad | 100147 |
| 245 12 - MENCION DE TITULO [NR] | |
| Título [NR] | A Guerra |
| Parte restante del título [NR] | a ascensao do pcc e o mundo do crime no Brasil |
| Mención de responsabilidad, etc. [NR] | Bruno Paes Manso, Camila Nunes Dias |
| 260 ## - PUBLICACION, DISTRIBUCION, ETC. (PIE DE IMPRENTA) [R] | |
| Nombre del editor, distribuidor, etc. [R] | Todavia |
| Fecha de publicación, distribución, etc. [R] | 2019 |
| Lugar de publicación, distribución, etc. [R] | São Paulo |
| 300 ## - DESCRIPCION FISICA [R] | |
| Extensión [R] | 342 páginas |
| 504 ## - NOTA DE BIBLIOGRAFIA, ETC. [R] | |
| Nota de bibliografía, etc. [NR] | Incluye referencias bibliográficas |
| 650 17 - ASIENTO SECUNDARIO DE MATERIA - TERMINO TEMATICO [R] | |
| 9 (RLIN) | 12141 |
| Término temático o nombre geográfico como elemento de entrada [NR] | Crimen organizado |
| Subdivisión geográfica [R] | Brasil |
| 650 17 - ASIENTO SECUNDARIO DE MATERIA - TERMINO TEMATICO [R] | |
| Término temático o nombre geográfico como elemento de entrada [NR] | Pandillas |
| Subdivisión geográfica [R] | Brasil |
| 9 (RLIN) | 100149 |
| 700 1# - ASIENTO SECUNDARIO - NOMBRE PERSONAL [R] | |
| 9 (RLIN) | 100148 |
| Nombre personal [NR] | Nunes Dias, Camila |
| 942 ## - ELEMENTOS DE ENTRADA AGREGADOS (KOHA) | |
| Tipo de ítem principal el descrito en 300a | Libro |
| Sistema de clasificación | DEWEY |
| Tema principal | Sociología |
| Edición | 20 |
| Clasificación | 364.1060981 |
| Parte restante de la signatura top. | P126g |
| Fecha de último préstamo | Total préstamos | Signatura topográfica | Código de barras | Última vez visto | Ejemplar | Costo de reposición | Price effective from | Tipo de ítem | Nota pública (OPAC) | Perdido | Sistema de clasificación | Dañado | No prestable | Tipo de ítem específico | Suprimido | Ubicación habitual | Ubicación actual | Localización | Fecha de creación | Proveedor | Forma de adquisición | Costo |
|---|---|---|---|---|---|---|---|---|---|---|---|---|---|---|---|---|---|---|---|---|---|---|
| 26/03/2021 | 1 | 364.1060981 P126g | 100165640 | 04/12/2025 | Ej.1 | 26000.00 | 30/01/2020 | Libro | Spot Criminología e Investigación Criminal | DEWEY | Libro | Claustro | Claustro | 3er piso | 30/01/2020 | 12 | Donación | 0.00 |